| 000 | 02300cam a2200373 a 4500 | ||
|---|---|---|---|
| 001 | 15980739 | ||
| 003 | OSt | ||
| 005 | 20180117085939.0 | ||
| 008 | 091112s2011 caua b 001 0 eng | ||
| 010 | _a 2009047929 | ||
| 020 | _a9781412974578 (pbk.) | ||
| 035 | _a(OCoLC)ocn460052638 | ||
| 040 |
_aDLC _cDLC _dBTCTA _dYDXCP _dC#P _dBWX _dCDX _dDLC |
||
| 050 | 0 | 0 |
_aH62 _b.H478 2011 |
| 082 | 0 | 0 |
_a001.4/2 _222 |
| 100 | 1 | _aHesse-Biber, Sharlene Nagy. | |
| 245 | 1 | 4 |
_aThe practice of qualitative research / _cSharlene Nagy Hesse-Biber, Patricia Leavy. |
| 250 | _a2nd ed. | ||
| 260 |
_aLos Angeles : _bSAGE, _cc2011. |
||
| 300 |
_axx, 400 p. : _bill. ; _c26 cm. |
||
| 504 | _aIncludes bibliographical references and index. | ||
| 505 | 0 | _aAn invitation to qualitative research -- Approaches to qualitative research -- Designing qualitative approaches to research -- The ethics of social research -- In-depth interview -- Oral history -- Focus group interviews -- Ethnography -- Content analysis and unobtrusive methods -- Case study -- Mixed methods research -- Analysis and interpretation of qualitative data -- The writing and representation of qualitative research -- The research nexus. | |
| 650 | 0 |
_aSocial sciences _xResearch. |
|
| 650 | 0 | _aQualitative research. | |
| 700 | 1 |
_aLeavy, Patricia, _d1975- |
|
| 906 |
_a7 _bcbc _corignew _d1 _eecip _f20 _gy-gencatlg |
||
| 942 |
_2ddc _cBK |
||
| 999 |
_c2368 _d2368 |
||